00805nam a2200217 a 4500001001000000005001700010008004100027020002700068020002600095041000800121044000800129050002400137100002800161245004400189260002700233300004200260500011700302504003200419600007500451650006100526BRCA_302920190320204056.0210109s2008----nyua---###---#000-0#eng-# a9780810972834 (Abrams) a9780810982437 (Lacma) aeng anyu 4aN5220.H4b.L48 20081 aLevkoff, Mary L.d1953-10aHearstbthe CollectorcMary L. Levkoff. aNew YorkbAbramsc2008 a255 p.bil. (algunas a color)c31 cm. aCatálogo de la exposición realizada en Los Angeles County Museum of Art, 9 noviembre, 2008 - 1 febrero, 2009 aBibliografía : p. 248-25014aHearst, William Randolphd1863-1951vExposicionesxColecciones de arte14aArtevExposicionesxColecciones privadaszEstados Unidos